Estudios jurídicos sobre seguridad alimentaria (Registro nro. 165708)

Detalles MARC
000 -LEADER
fixed length control field 03131nam a22002537a 4500
007 - PHYSICAL DESCRIPTION FIXED FIELD--GENERAL INFORMATION
fixed length control field cr|||| ||||
008 - FIXED-LENGTH DATA ELEMENTS--GENERAL INFORMATION
fixed length control field 180313s2015 es |||||s|||| 00||0 spa d
020 ## - INTERNATIONAL STANDARD BOOK NUMBER
International Standard Book Number 978-84-91233-46-6
035 ## -
-- 21054
040 ## - CATALOGING SOURCE
Original cataloging agency vLex
090 ## -
-- 7470
-- 7470
100 1# - MAIN ENTRY--PERSONAL NAME
Personal name Menéndez Rexach, Ángel
245 10 - TITLE STATEMENT
Title Estudios jurídicos sobre seguridad alimentaria
Medium [Recurso electrónico] /
Statement of responsibility, etc Ángel Menéndez Rexach
256 ## -
-- Servicio en línea
260 ## - PUBLICATION, DISTRIBUTION, ETC. (IMPRINT)
Place of publication, distribution, etc Madrid:
Name of publisher, distributor, etc Marcial Pons,
Date of publication, distribution, etc 2015
300 ## - PHYSICAL DESCRIPTION
Extent 1 recurso electrónico
500 ## - GENERAL NOTE
General note Este libro reúne un conjunto de trabajos sobre aspectos organizativos, procedimentales y sustantivos del régimen jurídico de la seguridad alimentaria en el ámbito europeo y español. El Libro Blanco de la Comisión Europea, de 12 de enero de 2000, sobre Seguridad Alimentaria, se basa en una concepción integrada que toma en consideración todas las fases, desde la producción primaria hasta la venta o el suministro de alimentos al consumidor, es decir, «desde la granja a la mesa» (from farm to fork). El producto normativo más importante de esta concepción integrada fue el Reglamento (CE) 178/2002, de 28 de enero, por el que se establecen los principios y requisitos generales de la legislación alimentaria, se crea la Autoridad Europea de Seguridad Alimentaria y se fijan los procedimientos correspondientes. Las decisiones comunitarias en la materia se toman, a partir de este Reglamento, con base en el análisis del riesgo, un concepto esencial de la política de seguridad alimentaria, junto con la trazabilidad y la aplicación del principio de precaución. «Nunca hasta ahora se ha tenido tal conocimiento de la relación existente entre alimentación y salud, ni se han generado tantas situaciones de incertidumbre científica, ni se ha demandado por parte de la ciudadanía una intervención administrativa tan importante para garantizar la gestión de los riesgos». Estas palabras del Preámbulo de la Ley de seguridad alimentaria y nutrición de 2011 ponen de relieve los avances realizados pero también la envergadura de los problemas pendientes. Los poderes públicos deben satisfacer las demandas sociales (cada vez más exigentes) sobre la inocuidad y calidad de los alimentos, basándose en el conocimiento científico disponible, lo que implica asumir diversos grados de incertidumbre ante los riesgos alimentarios. Los trabajos recogidos en este libro pueden ser útiles a cualquier persona interesada en asomarse a los problemas jurídicos de este mundo fascinante, y en gran medida nuevo, de la alimentación saludable.
506 1# - RESTRICTIONS ON ACCESS NOTE
Terms governing access Disponible solo en los productos indicados
Authorized users vLex Global
-- vLex Global (Academic Edition, excluding Law Schools)
-- vLex Global (U.S. Academic Edition, Law Schools)
-- vLex Global (U.S. Academic Edition, excluding Law Schools)
-- vLex Global (Academic Edition, Law Schools)
650 04 - SUBJECT ADDED ENTRY--TOPICAL TERM
Topical term or geographic name as entry element Derecho Público y Administrativo
Geographic subdivision España
740 0# -
-- vLex Libros (Servicio en línea)
856 40 - LOCALIZACIÓN Y ACCESO ELECTRÓNICO
Identificador Uniforme del Recurso (URI/URL) https://app.vlex.com/#/sources/estudios-juridicos-sobre-seguridad-alimentaria-21054
942 ## -
-- RAA
999 ## -
-- 165708
-- 165708

No hay ítems disponibles.


CONTACTO


NOSOTROS


SITIOS DE INTERES

coordinacion.biblioteca.biblioteca@unienlinea.mx Misión, Visión y Objetivos Bases de datos
Directorio Bibliotecas Digitales y Repositorios
Normatividad Revistas y artículos
Convenios interbibliotecarios
Boletines



Hecho en México. Universidad Insurgentes (UIN). Todos los derechos reservados 2024. Esta página y sus contenidos pueden ser reproducidos con fines no lucrativos, siempre y cuando no se mutile, se cite la fuente completa y su dirección electrónicas. De otra forma requiere permiso previo por escrito de la institución




2024 Copyright Universidad Insurgentes | www.bibliouin.com.mx